[Event "CYCC U10 w"]
[Site "Windsor CAN"]
[Date "2010.07.08"]
[Round "6"]
[White "Peng, Janet"]
[Black "Gao, Christine"]
[Result "1/2-1/2"]
[WhiteElo "1026"]
[BlackElo "1076"]
[PlyCount "154"]
[EventDate "2010.07.06"]
[EventType "tourn"]
[EventRounds "7"]
[EventCountry "CAN"]

1. d4 Nf6 2. c4 e6 3. Nc3 Bb4 4. Nf3 Bxc3+ 5. bxc3 O-O 6. Bg5 h6 7. Bh4 d6 8.
e3 Nbd7 9. Bd3 b6 10. O-O Bb7 11. Rb1 c5 12. Re1 Qc7 13. Nd2 cxd4 14. cxd4 d5
15. Bg3 Qc6 16. f3 dxc4 17. Nxc4 Nd5 18. Rc1 Qc8 19. Na5 Qe8 20. Nxb7 N7f6 21.
Bd6 Ne7 22. Rc7 Nfd5 23. Rc1 Qd7 24. Bxe7 Nxe7 25. Ba6 Nd5 26. Qc2 Nb4 27. Qe2
Nxa6 28. Qxa6 Rab8 29. Qxa7 Rxb7 30. Qa3 Ra7 31. Qb2 Rfa8 32. Ra1 Qd6 33. Reb1
Qa3 34. Qxa3 Rxa3 35. Rxb6 Rxa2 36. Rxa2 Rxa2 37. Kf1 Ra3 38. Kf2 Ra2+ 39. Kg3
Re2 40. Rb8+ Kh7 41. e4 Rd2 42. Rd8 e5 43. d5 Kg6 44. Rc8 Kh5 45. Rc7 Kg6 46.
Re7 f6 47. Re8 Rd3 48. Kf2 Rd4 49. Ke3 Rd1 50. Ke2 Rd4 51. Ke3 Rd1 52. g3 Kg5
53. h4+ Kg6 54. f4 exf4+ 55. Kxf4 Rd4 56. g4 Kf7 57. Ra8 g6 58. Ra7+ Ke8 59.
Rh7 g5+ 60. Kf5 gxh4 61. Rxh6 h3 62. Rxh3 Kd7 63. Rh6 Ke7 64. Rxf6 Kd7 65. g5
Ke7 66. e5 Rxd5 67. Rd6 Ra5 68. g6 Ra8 69. g7 Kf7 70. Rg6 Rg8 71. e6+ Ke7 72.
Ke5 Ke8 73. Kd6 Kd8 74. e7+ Ke8 75. Ke6 Rxg7 76. Kf6 Rxg6+ 77. Kxg6 Kxe7
1/2-1/2

[Event "CYCC U10 w"]
[Site "Windsor CAN"]
[Date "2010.07.08"]
[Round "6"]
[White "Wang, Constance"]
[Black "Wapioke, Realle"]
[Result "1-0"]
[WhiteElo "975"]
[BlackElo "396"]
[PlyCount "65"]
[EventDate "2010.07.06"]
[EventType "tourn"]
[EventRounds "7"]
[EventCountry "CAN"]

1. e4 Nc6 2. d4 e6 3. Nc3 Bb4 4. Nf3 f6 5. Bf4 a6 6. Bc4 d6 7. O-O Nge7 8. Qe2
a5 9. Rad1 Kf8 10. d5 Na7 11. dxe6 Rg8 12. Nd5 c6 13. Nxe7 Qxe7 14. c3 Bc5 15.
a3 b6 16. b4 g6 17. bxc5 bxc5 18. Bxd6 Kg7 19. Bxe7 Rb8 20. Bxc5 Ra8 21. e7 Bd7
22. Rxd7 Kh6 23. Bxg8 Rxg8 24. Rxa7 g5 25. Qc4 Rh8 26. Rd7 g4 27. Nd2 Kg6 28.
Rd8 Kg7 29. Rxh8 Kxh8 30. e8=Q+ Kg7 31. Qcf7+ Kh6 32. Qeg8 a4 33. Qgg7# 1-0

[Event "CYCC U10 w"]
[Site "Windsor CAN"]
[Date "2010.07.08"]
[Round "6"]
[White "Zhu, Jiarong"]
[Black "Wang, Kelly"]
[Result "0-1"]
[WhiteElo "1386"]
[BlackElo "1299"]
[PlyCount "102"]
[EventDate "2010.07.06"]
[EventType "tourn"]
[EventRounds "7"]
[EventCountry "CAN"]

1. e4 c5 2. Nf3 d6 3. Bb5+ Bd7 4. Bxd7+ Nxd7 5. O-O Ngf6 6. Nc3 g6 7. d4 cxd4
8. Nxd4 Bg7 9. Be3 O-O 10. Qc1 Ng4 11. Bd2 Bxd4 12. h3 Ngf6 13. Bh6 Re8 14. Ne2
Be5 15. f4 Qb6+ 16. Kh1 Bxb2 17. Qd1 Bxa1 18. Qxa1 Rec8 19. e5 Ne8 20. Rb1 Qc7
21. Nd4 dxe5 22. fxe5 Qxe5 23. Re1 Qc5 24. Nb3 Qc3 25. Rxe7 Qxa1+ 26. Nxa1 Nef6
27. g4 Re8 28. Rxe8+ Rxe8 29. g5 Ne4 30. Kg2 Nc3 31. h4 Nxa2 32. Kg3 a5 33. Kg4
a4 34. c4 Ne5+ 35. Kf4 Nxc4 36. Kg4 Re4+ 37. Kh3 b5 38. Kg3 b4 39. Kf3 Rxh4 40.
Nc2 b3 41. Ne1 b2 42. Kg3 b1=Q 43. Kxh4 Qxe1+ 44. Kh3 Nc3 45. Bf8 Kxf8 46. Kh2
a3 47. Kg2 a2 48. Kh2 a1=Q 49. Kh3 Qg1 50. Kh4 Qae1+ 51. Kh3 Qeg3# 0-1

[Event "CYCC U10 w"]
[Site "Windsor CAN"]
[Date "2010.07.09"]
[Round "7"]
[White "Gao, Christine"]
[Black "Wang, Constance"]
[Result "1/2-1/2"]
[WhiteElo "1076"]
[BlackElo "975"]
[PlyCount "89"]
[EventDate "2010.07.06"]
[EventType "tourn"]
[EventRounds "7"]
[EventCountry "CAN"]

1. e4 e5 2. Nf3 Nc6 3. d4 d6 4. dxe5 dxe5 5. Qxd8+ Kxd8 6. a3 Nf6 7. Nc3 Bg4 8.
Be2 Bc5 9. Bg5 Be7 10. h3 Bd7 11. Bxf6 Bxf6 12. Nd5 Be7 13. Nxe7 Kxe7 14. Bb5
f6 15. O-O-O Rhd8 16. Rd2 a6 17. Bc4 b5 18. Bb3 Be6 19. Bxe6 Kxe6 20. Rhd1 Rxd2
21. Rxd2 Rd8 22. Rxd8 Nxd8 23. Ne1 Nf7 24. Nd3 Kd6 25. f3 c5 26. b3 Ng5 27. Kd2
Ne6 28. c3 Nf4 29. g3 Nxd3 30. Kxd3 a5 31. c4 b4 32. a4 Ke7 33. Ke3 g6 34. f4
exf4+ 35. Kxf4 Ke6 36. h4 h5 37. Kf3 Ke5 38. Ke3 g5 39. Kd3 g4 40. Ke3 f5 41.
exf5 Kxf5 42. Kd3 Ke5 43. Ke3 Kf5 44. Kd3 Ke5 45. Ke3 1/2-1/2

[Event "CYCC U10 w"]
[Site "Windsor CAN"]
[Date "2010.07.09"]
[Round "7"]
[White "Liu, Jiaxin (Dora)"]
[Black "Peng, Janet"]
[Result "1/2-1/2"]
[WhiteElo "1460"]
[BlackElo "1026"]
[PlyCount "112"]
[EventDate "2010.07.06"]
[EventType "tourn"]
[EventRounds "7"]
[EventCountry "CAN"]

1. e4 e6 2. d4 d5 3. e5 c5 4. c3 Nc6 5. Nf3 Qb6 6. a3 Nge7 7. b4 cxd4 8. cxd4
Nf5 9. Be3 Nxe3 10. fxe3 a6 11. Be2 Be7 12. O-O O-O 13. Nc3 Bd7 14. Qc2 Rac8
15. Qd3 Na7 16. Rac1 Rfd8 17. Bd1 Bb5 18. Qd2 Bxf1 19. Kxf1 Nb5 20. Na4 Qa7 21.
Ra1 Rc7 22. Bc2 Rdc8 23. Ra2 Nxa3 24. Nc5 Bxc5 25. dxc5 Nxc2 26. Qxc2 b6 27.
Ng5 g6 28. Qe2 a5 29. h4 h5 30. g4 hxg4 31. Qxg4 Qa6+ 32. Kg1 Qc4 33. Qxc4 dxc4
34. cxb6 Rb7 35. bxa5 Ra8 36. Ne4 Kf8 37. Nd6 Rbb8 38. b7 Ra6 39. Kf2 c3 40.
Ke2 c2 41. Rxc2 Rxd6 42. Rc8+ Rd8 43. Rxb8 Rxb8 44. a6 Ke7 45. a7 Rxb7 46. a8=Q
Rb2+ 47. Kf3 Rh2 48. Qb7+ Kf8 49. Qc8+ Kg7 50. Kg3 Re2 51. Qc3 Ra2 52. Qe1 Ra3
53. Qg1 Ra5 54. Kf4 Ra4+ 55. Kg5 Ra5 56. Kf4 Ra4+ 1/2-1/2

[Event "CYCC U10 w"]
[Site "Windsor CAN"]
[Date "2010.07.09"]
[Round "7"]
[White "Wang, Kelly"]
[Black "Bai, Minya"]
[Result "1-0"]
[WhiteElo "1299"]
[BlackElo "1070"]
[PlyCount "47"]
[EventDate "2010.07.06"]
[EventType "tourn"]
[EventRounds "7"]
[EventCountry "CAN"]

1. e4 e5 2. Nf3 Nc6 3. Bc4 Nf6 4. d3 Bc5 5. c3 d5 6. exd5 Nxd5 7. h3 Be6 8. Bb5
Nde7 9. Nxe5 a6 10. Bxc6+ Nxc6 11. Nxc6 bxc6 12. d4 Bd6 13. O-O O-O 14. Nd2 Qd7
15. Qf3 Rfe8 16. b3 Bd5 17. Qd3 Re6 18. f4 Rae8 19. Nc4 Rg6 20. Rf2 Be4 21. Qd2
Qxh3 22. Re2 Bxf4 23. Qc2 Bxc2 24. Rxe8# 1-0

[Event "CYCC U12"]
[Site "Windsor CAN"]
[Date "2010.07.06"]
[Round "1"]
[White "Baki, Shaumik"]
[Black "Graif, William"]
[Result "0-1"]
[WhiteElo "1336"]
[BlackElo "1676"]
[PlyCount "80"]
[EventDate "2010.07.06"]
[EventType "swiss"]
[EventRounds "7"]
[EventCountry "CAN"]

1. e4 c5 2. Nc3 Nc6 3. g3 g6 4. Bg2 Bg7 5. d3 d6 6. f4 e6 7. Nf3 Nge7 8. Be3
O-O 9. O-O Nd4 10. Rb1 Bd7 11. Ne2 Nxe2+ 12. Qxe2 f5 13. e5 Bc6 14. exd6 Qxd6
15. Rfe1 Nd5 16. Bf2 Rfe8 17. Ne5 Rad8 18. Nc4 Qe7 19. Rbd1 Nb4 20. Bxc6 Nxc6
21. c3 b6 22. Ne5 Bxe5 23. fxe5 Rd5 24. d4 cxd4 25. cxd4 Qd7 26. Qc4 Rd8 27.
Kf1 Nxe5 28. Qb3 Ng4 29. Bg1 Kg7 30. h3 Nf6 31. Qe3 e5 32. Qe2 Ne4 33. Kg2 exd4
34. Qd3 Nc5 35. Qe2 Kf8 36. b4 d3 37. Qd2 Ne4 38. Qb2 Qg7 39. Qxg7+ Kxg7 40.
Be3 d2 0-1

[Event "CYCC U12"]
[Site "Windsor CAN"]
[Date "2010.07.06"]
[Round "1"]
[White "Doknjas, John"]
[Black "Deforest, David"]
[Result "1-0"]
[WhiteElo "1896"]
[BlackElo "1378"]
[PlyCount "57"]
[EventDate "2010.07.06"]
[EventType "swiss"]
[EventRounds "7"]
[EventCountry "CAN"]

1. d4 Nf6 2. c4 e6 3. Nc3 Bb4 4. a3 Bxc3+ 5. bxc3 b6 6. f3 Bb7 7. e4 d6 8. Bg5
Nbd7 9. Qd2 h6 10. Be3 a6 11. Bd3 O-O 12. Ne2 e5 13. g4 Nh7 14. h4 Qe7 15. Ng3
Qf6 16. Nf5 g6 17. g5 Qe6 18. d5 Qe8 19. Nxh6+ Kg7 20. Qh2 Qd8 21. O-O-O Nc5
22. Bc2 b5 23. Rdg1 Rb8 24. h5 Bc8 25. hxg6 fxg6 26. Nf5+ Rxf5 27. Qxh7+ Kf8
28. Qh8+ Ke7 29. Rh7+ 1-0

[Event "CYCC U12"]
[Site "Windsor CAN"]
[Date "2010.07.06"]
[Round "1"]
[White "Kanwischer, Alek"]
[Black "Yang, Benjamin"]
[Result "0-1"]
[WhiteElo "1098"]
[BlackElo "1744"]
[PlyCount "88"]
[EventDate "2010.07.06"]
[EventType "swiss"]
[EventRounds "7"]
[EventCountry "CAN"]

1. e4 d6 2. d3 e5 3. Nc3 c6 4. Nf3 Nf6 5. Bg5 Be7 6. Be2 O-O 7. O-O Qc7 8. Bxf6
Bxf6 9. h3 a5 10. Qd2 b5 11. a3 Rd8 12. Qe1 Be6 13. Rd1 Qb6 14. Rd2 Na6 15. Qd1
Nc7 16. d4 exd4 17. Nxd4 Bxd4 18. Rxd4 c5 19. Rd2 b4 20. Nd5 Nxd5 21. exd5 Bd7
22. a4 Bxa4 23. b3 Bb5 24. Bxb5 Qxb5 25. Qf3 a4 26. bxa4 Rxa4 27. Re1 Re8 28.
Rde2 Rxe2 29. Qxe2 Qxe2 30. Rxe2 Kf8 31. g4 Ra2 32. Re3 Rxc2 33. Rb3 Rd2 34. f4
Rxd5 35. Kg2 Rd2+ 36. Kf1 d5 37. h4 d4 38. Ke1 Rc2 39. Kd1 Rc3 40. Rb2 b3 41.
Kd2 c4 42. h5 Rg3 43. g5 c3+ 44. Kc1 Rg1# 0-1

[Event "CYCC U12"]
[Site "Windsor CAN"]
[Date "2010.07.06"]
[Round "1"]
[White "Kong, Dezheng"]
[Black "Leu, Steven"]
[Result "1-0"]
[WhiteElo "2006"]
[BlackElo "1459"]
[PlyCount "131"]
[EventDate "2010.07.06"]
[EventType "swiss"]
[EventRounds "7"]
[EventCountry "CAN"]

1. c4 Nf6 2. Nc3 g6 3. Nf3 Bg7 4. g3 O-O 5. Bg2 d6 6. d4 c6 7. O-O Nbd7 8. e4
Qc7 9. Re1 Rd8 10. Qc2 e5 11. h3 b6 12. Be3 Bb7 13. Rad1 Rdc8 14. Rd2 a6 15. a4
a5 16. Red1 Kh8 17. dxe5 dxe5 18. Rd3 Re8 19. Qd2 Nb8 20. c5 bxc5 21. Bxc5 Ba6
22. Bd6 Qb7 23. Re3 Rd8 24. Qc2 Nbd7 25. Bf1 Bxf1 26. Kxf1 Qa6+ 27. Qe2 Qxe2+
28. Kxe2 Bf8 29. Bc7 Re8 30. Red3 Bg7 31. Rd6 Nc5 32. Rd8 Rexd8 33. Rxd8+ Rxd8
34. Bxd8 Nfxe4 35. Nxe4 Nxe4 36. Bxa5 Nd6 37. Bd8 e4 38. Nd2 Bxb2 39. Bc7 Be5
40. Bxd6 Bxd6 41. Nxe4 Bb4 42. Kd3 f5 43. Nc3 Kg7 44. Kc4 Ba5 45. f3 Kf7 46.
Ne2 Ke7 47. Kc5 Kd7 48. Nd4 Kc7 49. Nxc6 Bb6+ 50. Kb5 Kb7 51. a5 Bf2 52. a6+
Ka8 53. Nd8 Bxg3 54. Ne6 Bd6 55. Kb6 h5 56. f4 Bxf4 57. Nxf4 g5 58. Ne6 f4 59.
Nc7+ Kb8 60. a7+ Kc8 61. a8=Q+ Kd7 62. Qc6+ Ke7 63. Qe6+ Kf8 64. Qf6+ Kg8 65.
Ne6 f3 66. Qg7# 1-0

[Event "CYCC U12"]
[Site "Windsor CAN"]
[Date "2010.07.06"]
[Round "1"]
[White "Lin, Tony (Juntao)"]
[Black "Mathews, Jeremy"]
[Result "1-0"]
[WhiteElo "1882"]
[BlackElo "1250"]
[PlyCount "143"]
[EventDate "2010.07.06"]
[EventType "swiss"]
[EventRounds "7"]
[EventCountry "CAN"]

1. e4 e5 2. Nf3 Nc6 3. Bb5 Nf6 4. O-O d6 5. d4 Bd7 6. dxe5 dxe5 7. Nc3 Be7 8.
Re1 O-O 9. Bg5 Bg4 10. Bxc6 bxc6 11. Qe2 Rb8 12. Rad1 Qc8 13. b3 Qe6 14. h3 Bh5
15. Qe3 h6 16. Bh4 a5 17. Bg3 Nd7 18. Ne2 Bc5 19. Qd3 Rfd8 20. Nc3 Nf6 21. Qe2
Bd4 22. Nxd4 exd4 23. f3 dxc3 24. Bxc7 Rxd1 25. Rxd1 Ra8 26. Rd6 Qe7 27. Rxc6
Qa3 28. Rxc3 Qxa2 29. Qd3 Qa1+ 30. Kh2 Rc8 31. Be5 Rxc3 32. Bxc3 Qa3 33. Qd8+
Kh7 34. Qxa5 Qxa5 35. Bxa5 Nd7 36. b4 f6 37. b5 Nc5 38. Bb4 Nb7 39. c4 Be8 40.
Kg3 Kg6 41. Kf4 Kf7 42. Ke3 Ke6 43. Kd4 Bd7 44. Bf8 Kf7 45. Bc5 Ke8 46. Bb6 Kf7
47. Kc3 Ke6 48. Kb4 Be8 49. c5 Ke5 50. c6 Nd6 51. Bc7 Ke6 52. Kc5 Bxc6 53. Kxc6
Nc8 54. b6 Nxb6 55. Kxb6 f5 56. e5 h5 57. Bd6 g5 58. Kc5 g4 59. hxg4 hxg4 60.
fxg4 fxg4 61. g3 Kd7 62. Kd5 Ke8 63. e6 Kd8 64. Bf4 Ke7 65. Ke5 Ke8 66. Kd6 Kd8
67. e7+ Ke8 68. Be5 Kf7 69. Kd7 Kg6 70. e8=Q+ Kg5 71. Bf4+ Kf5 72. Qe6# 1-0

[Event "CYCC U12"]
[Site "Windsor CAN"]
[Date "2010.07.06"]
[Round "1"]
[White "McCleary, Reuben"]
[Black "Bhangoo, Kabir"]
[Result "1-0"]
[WhiteElo "1597"]
[BlackElo "1022"]
[PlyCount "83"]
[EventDate "2010.07.06"]
[EventType "swiss"]
[EventRounds "7"]
[EventCountry "CAN"]

1. e4 e5 2. Nf3 Nc6 3. Bc4 Nf6 4. O-O Bc5 5. d4 d6 6. dxc5 dxc5 7. Qxd8+ Nxd8
8. Nxe5 O-O 9. Nc3 Re8 10. f4 Be6 11. Bxe6 Rxe6 12. Be3 b6 13. Rad1 Nc6 14.
Nxc6 Rxc6 15. Nd5 Nxd5 16. Rxd5 Re6 17. e5 f6 18. Rfd1 fxe5 19. fxe5 c6 20.
Rd8+ Rxd8 21. Rxd8+ Kf7 22. Bf4 Ke7 23. Rd6 Rxd6 24. exd6+ Kd7 25. Kf2 h6 26.
h4 g5 27. hxg5 hxg5 28. Be5 c4 29. Kf3 b5 30. Kg4 a5 31. Kxg5 a4 32. Kf6 b4 33.
b3 axb3 34. axb3 cxb3 35. cxb3 c5 36. g4 c4 37. bxc4 b3 38. c5 b2 39. Bxb2 Kc6
40. d7 Kxd7 41. c6+ Kxc6 42. g5 1-0

[Event "CYCC U12"]
[Site "Windsor CAN"]
[Date "2010.07.06"]
[Round "1"]
[White "McCullough, David"]
[Black "Song, Terry"]
[Result "0-1"]
[WhiteElo "1422"]
[BlackElo "1916"]
[PlyCount "84"]
[EventDate "2010.07.06"]
[EventType "swiss"]
[EventRounds "7"]
[EventCountry "CAN"]

1. d4 Nf6 2. c4 c5 3. d5 b5 4. cxb5 a6 5. Nc3 axb5 6. Nxb5 d6 7. Nc3 g6 8. Nf3
Bg7 9. e4 O-O 10. Be2 Ba6 11. O-O Nfd7 12. a3 Qb6 13. Qc2 Qb7 14. Re1 Ne5 15.
Rb1 Nbd7 16. Bd2 Bxe2 17. Nxe2 Rfb8 18. Nxe5 Nxe5 19. Bc3 Qa6 20. f4 Nd3 21.
Red1 Bxc3 22. bxc3 c4 23. Qa2 Qa7+ 24. Nd4 Qc5 25. a4 Nxf4 26. a5 Rxb1 27. Rxb1
Rxa5 28. Qf2 Nd3 29. Qf3 Qa7 30. Kh1 Ne5 31. Qf1 Ra2 32. h3 Kg7 33. Qf4 Nd3 34.
Qf3 Rf2 35. Nc6 Rxf3 36. Nxa7 Re3 37. Nc6 Rxe4 38. Rb7 Kf6 39. Rb1 Re1+ 40.
Rxe1 Nxe1 41. Kg1 Nd3 42. Nb4 Nxb4 0-1

[Event "CYCC U12"]
[Site "Windsor CAN"]
[Date "2010.07.06"]
[Round "1"]
[White "McInnis, Preston"]
[Black "Jean, Justin"]
[Result "0-1"]
[WhiteElo "795"]
[BlackElo "1577"]
[PlyCount "142"]
[EventDate "2010.07.06"]
[EventType "swiss"]
[EventRounds "7"]
[EventCountry "CAN"]

1. e4 c5 2. Nf3 Nc6 3. Bb5 d6 4. O-O Bd7 5. Bxc6 Bxc6 6. Nc3 Nf6 7. d3 g6 8.
Bg5 Bg7 9. e5 Bxf3 10. Qxf3 dxe5 11. Qxb7 O-O 12. Bxf6 Bxf6 13. Nd5 e6 14.
Nxf6+ Qxf6 15. Rad1 Rfd8 16. b3 Kf8 17. g3 Qe7 18. Qxe7+ Kxe7 19. Rfe1 Rd5 20.
c4 Rd4 21. Rxe5 Rc8 22. Re4 Rcd8 23. Re5 Kd6 24. Rg5 Kc6 25. f4 Rxd3 26. Re1
Rd1 27. Kf1 R8d2 28. Rxd1 Rxd1+ 29. Ke2 Ra1 30. a4 f5 31. Kd2 Ra2+ 32. Kc3 Rxh2
33. b4 Ra2 34. Kb3 Rd2 35. b5+ Kb6 36. g4 Rd4 37. gxf5 exf5 38. Rg1 Rxf4 39.
Rd1 Re4 40. Kc2 Re6 41. Rd7 h5 42. Rd8 Kc7 43. Rh8 Kb7 44. Rg8 a5 45. Rg7+ Kb6
46. Rd7 f4 47. Rf7 g5 48. Rg7 g4 49. Rh7 f3 50. Rxh5 g3 51. Rh1 g2 52. Rg1 f2
53. Rxg2 f1=Q 54. Rd2 Qxc4+ 55. Kb2 Re2 56. Rxe2 Qxe2+ 57. Kb3 Qd3+ 58. Kb2 Qc4
59. Ka3 Qb4+ 60. Ka2 Qxa4+ 61. Kb2 Qxb5+ 62. Kc3 Qb4+ 63. Kd3 c4+ 64. Kd4 c3+
65. Ke5 c2 66. Kf5 Qe7 67. Kf4 c1=R 68. Kf3 Rf1+ 69. Kg2 Rf8 70. Kg3 Qg7+ 71.
Kh4 Rh8# 0-1

[Event "CYCC U12"]
[Site "Windsor CAN"]
[Date "2010.07.06"]
[Round "1"]
[White "Nasir, Zehn"]
[Black "Chana, Dilpreet"]
[Result "1-0"]
[WhiteElo "1667"]
[BlackElo "1088"]
[PlyCount "35"]
[EventDate "2010.07.06"]
[EventType "swiss"]
[EventRounds "7"]
[EventCountry "CAN"]

1. d4 d5 2. e4 e6 3. Be3 Nc6 4. Nd2 Nge7 5. c3 Ng6 6. e5 Be7 7. Ngf3 O-O 8. Bd3
Bh4 9. Nxh4 Nxh4 10. O-O Nb8 11. Bxh7+ Kxh7 12. Qh5+ Kg8 13. Bg5 Qd7 14. Qxh4
Qb5 15. Nf3 Qxb2 16. Be7 Re8 17. Ng5 Rxe7 18. Qh7+ 1-0

[Event "CYCC U12"]
[Site "Windsor CAN"]
[Date "2010.07.06"]
[Round "1"]
[White "Papadopoulos, Andrew"]
[Black "Jensen, Jacob"]
[Result "0-1"]
[WhiteElo "1005"]
[BlackElo "1661"]
[PlyCount "68"]
[EventDate "2010.07.06"]
[EventType "swiss"]
[EventRounds "7"]
[EventCountry "CAN"]

1. e3 Nf6 2. Nc3 e6 3. Nf3 d5 4. d4 c5 5. g3 Nc6 6. Bb5 Bd7 7. O-O a6 8. Bxc6
Bxc6 9. Ne5 Qc7 10. f4 Bd6 11. Ng4 Qe7 12. Nxf6+ Qxf6 13. b3 O-O 14. Bb2 Qe7
15. Rb1 Rac8 16. Re1 Rfd8 17. Na4 b5 18. Nb6 Rb8 19. dxc5 Bxc5 20. Qg4 f6 21.
Rbd1 Bxb6 22. f5 e5 23. Kf1 Rd7 24. h4 Rbd8 25. Rd2 Qf7 26. Rh2 d4 27. Bc1 dxe3
28. Bxe3 Bxe3 29. Rxe3 Rd1+ 30. Re1 Qd5 31. c4 Qf3+ 32. Qxf3 Bxf3 33. Rf2 Rxe1+
34. Kxe1 Rd1# 0-1

[Event "CYCC U12"]
[Site "Windsor CAN"]
[Date "2010.07.06"]
[Round "1"]
[White "Pernasilici, Lorenzo"]
[Black "Song, Michael"]
[Result "0-1"]
[WhiteElo "1148"]
[BlackElo "1866"]
[PlyCount "104"]
[EventDate "2010.07.06"]
[EventType "swiss"]
[EventRounds "7"]
[EventCountry "CAN"]

1. e4 c5 2. Bc4 Nc6 3. Nc3 g6 4. Qf3 Ne5 5. Qd1 Nxc4 6. d3 Nb6 7. Qf3 Bg7 8.
Nh3 d6 9. O-O Nf6 10. Bg5 Bg4 11. Qf4 Bxh3 12. Bxf6 Bxf6 13. Qh6 Bd7 14. Nd5
Nxd5 15. exd5 Qa5 16. c3 O-O-O 17. d4 c4 18. b4 Qxd5 19. Rae1 Bc6 20. Qh3+ Qf5
21. Qxf5+ gxf5 22. a4 Rhg8 23. g3 f4 24. Re2 fxg3 25. fxg3 h5 26. Ref2 h4 27.
Rg2 Bxg2 28. Kxg2 hxg3 29. hxg3 Bh4 30. Rf3 Rxg3+ 31. Rxg3 Bxg3 32. Kxg3 e5 33.
dxe5 dxe5 34. Kf3 f5 35. a5 Rd3+ 36. Ke2 f4 37. b5 f3+ 38. Kf2 e4 39. b6 axb6
40. axb6 Rd2+ 41. Ke3 Re2+ 42. Kf4 f2 43. Ke5 f1=Q 44. Kd5 Qf5+ 45. Kxc4 Rd2
46. Kb4 Qd5 47. Ka3 Ra2+ 48. Kb4 Qa5+ 49. Kc4 Ra4+ 50. Kb3 Qb5+ 51. Kc2 Ra2+
52. Kd1 Qf1# 0-1

[Event "CYCC U12"]
[Site "Windsor CAN"]
[Date "2010.07.06"]
[Round "1"]
[White "Song, Edward"]
[Black "Tismenko, Dennis"]
[Result "1/2-1/2"]
[WhiteElo "1850"]
[BlackElo "1301"]
[PlyCount "92"]
[EventDate "2010.07.06"]
[EventType "swiss"]
[EventRounds "7"]
[EventCountry "CAN"]

1. d4 d5 2. c4 e6 3. Nc3 Nf6 4. Nf3 Be7 5. e3 a6 6. cxd5 exd5 7. Bd3 Nbd7 8.
O-O b6 9. Qc2 Bb7 10. Bd2 c5 11. Rac1 c4 12. Be2 b5 13. a3 Ne4 14. Rfd1 Ndf6
15. Ne5 O-O 16. f3 Nxc3 17. Bxc3 a5 18. Be1 b4 19. axb4 axb4 20. Ra1 Qd6 21.
Bh4 b3 22. Qf5 Qe6 23. Qxe6 fxe6 24. Bxf6 gxf6 25. Ng4 f5 26. Ne5 Ra2 27. Rxa2
bxa2 28. Ra1 Ra8 29. e4 Bb4 30. Nxc4 dxc4 31. Bxc4 Kf8 32. Bxe6 fxe4 33. fxe4
Bxe4 34. Rxa2 Rxa2 35. Bxa2 Bd2 36. Kf2 Bc1 37. b4 Bb2 38. d5 Bd4+ 39. Kg3 Bd3
40. Kf4 Bc3 41. h4 Bxb4 42. g4 Be7 43. h5 h6 44. Ke5 Be2 45. d6 Bxd6+ 46. Kxd6
Bxg4 1/2-1/2

[Event "CYCC U12"]
[Site "Windsor CAN"]
[Date "2010.07.06"]
[Round "1"]
[White "Yu, Patrick"]
[Black "Lamothe, Zachari"]
[Result "1-0"]
[WhiteElo "1572"]
[BlackElo "878"]
[PlyCount "53"]
[EventDate "2010.07.06"]
[EventType "swiss"]
[EventRounds "7"]
[EventCountry "CAN"]

1. e4 Nf6 2. Nc3 Nc6 3. Nf3 d5 4. exd5 Nxd5 5. Nxd5 Qxd5 6. d3 Nd4 7. Nxd4 Qxd4
8. Be2 e6 9. h3 Bc5 10. O-O b6 11. c3 Qd5 12. Bf3 Bxf2+ 13. Rxf2 Qd7 14. Bxa8
Ba6 15. Qf3 Bxd3 16. Bc6 Be4 17. Bxd7+ Kxd7 18. Qxe4 f5 19. Qd4+ Ke7 20. Qxg7+
Ke8 21. Qxh8+ Ke7 22. Bg5+ Kd6 23. Rd1+ Kc6 24. a4 b5 25. Qa8+ Kb6 26. Be3+ Ka5
27. Qxa7# 1-0

[Event "CYCC U12"]
[Site "Windsor CAN"]
[Date "2010.07.06"]
[Round "1"]
[White "Zhang, Kevin"]
[Black "Rice, Steven"]
[Result "1-0"]
[WhiteElo "1756"]
[BlackElo "1116"]
[PlyCount "93"]
[EventDate "2010.07.06"]
[EventType "swiss"]
[EventRounds "7"]
[EventCountry "CAN"]

1. e4 e5 2. Nc3 Nf6 3. f4 exf4 4. e5 Ng4 5. Qxg4 d6 6. Qxf4 dxe5 7. Qxe5+ Qe7
8. Qxe7+ Bxe7 9. Nf3 O-O 10. Bc4 Bc5 11. d4 Bb4 12. O-O Bxc3 13. bxc3 Re8 14.
Ne5 Be6 15. Bxe6 fxe6 16. Ba3 Nc6 17. Nxc6 bxc6 18. Rab1 e5 19. Rfe1 exd4 20.
cxd4 Rxe1+ 21. Rxe1 Rd8 22. c3 h6 23. Bb4 a6 24. a3 Ra8 25. Re5 Kf7 26. Re7+
Kg8 27. Rxc7 a5 28. Be7 Re8 29. Rd7 Kh7 30. Kf2 Rc8 31. Ra7 c5 32. Bxc5 Rb8 33.
Rxa5 Rb2+ 34. Kg3 Rc2 35. Bb4 Rd2 36. Rf5 Rd3+ 37. Rf3 Rd1 38. a4 Ra1 39. a5
Ra2 40. d5 Rd2 41. d6 g5 42. a6 Ra2 43. d7 Rd2 44. a7 Rxd7 45. a8=Q Rg7 46.
Qe4+ Kg8 47. Rf8# 1-0

[Event "CYCC U12"]
[Site "Windsor CAN"]
[Date "2010.07.06"]
[Round "1"]
[White "Zhong, Xiao Xiang"]
[Black "Clemente, Denroi Lee"]
[Result "1-0"]
[WhiteElo "1686"]
[BlackElo "988"]
[PlyCount "81"]
[EventDate "2010.07.06"]
[EventType "swiss"]
[EventRounds "7"]
[EventCountry "CAN"]

1. e4 e5 2. Nf3 Nc6 3. Bc4 Nf6 4. d4 exd4 5. O-O Nxe4 6. Re1 Qe7 7. Nxd4 Nxd4
8. Qxd4 d6 9. Rxe4 c5 10. Rxe7+ Bxe7 11. Qf4 Be6 12. Bxe6 fxe6 13. Nc3 Rf8 14.
Qg3 O-O-O 15. Bg5 Bxg5 16. Qxg5 Rf5 17. Qxg7 Rdf8 18. Ne4 d5 19. Nd6+ Kd8 20.
Nxb7+ Ke8 21. Nd6+ Kd8 22. Nxf5 Rxf5 23. Re1 e5 24. Rxe5 Rxe5 25. Qxe5 c4 26.
Qxd5+ Ke7 27. f4 Kf6 28. g4 h6 29. g5+ hxg5 30. fxg5+ Kg6 31. h4 Kh5 32. g6+
Kxh4 33. g7 Kg3 34. g8=R+ Kf4 35. Qxc4+ Ke5 36. Rg5+ Kf6 37. Qf4+ Ke6 38. Qe5+
Kd7 39. Qf6 a5 40. Rg7+ Ke8 41. Qe7# 1-0

[Event "CYCC U12"]
[Site "Windsor CAN"]
[Date "2010.07.06"]
[Round "2"]
[White "Chana, Dilpreet"]
[Black "Yang, Bryant"]
[Result "0-1"]
[WhiteElo "1088"]
[BlackElo "1500"]
[PlyCount "88"]
[EventDate "2010.07.06"]
[EventType "swiss"]
[EventRounds "7"]
[EventCountry "CAN"]

1. d4 d5 2. Nc3 Nf6 3. Nf3 Bf5 4. Bf4 a6 5. e3 e6 6. a3 c5 7. Ne2 Nc6 8. c3 b5
9. Nc1 c4 10. Be2 Bg4 11. O-O a5 12. Na2 Bd6 13. Bxd6 Qxd6 14. b3 O-O 15. h3
Bh5 16. bxc4 bxc4 17. Rb1 Rab8 18. Qd2 Bg6 19. Rb2 Rxb2 20. Qxb2 Rb8 21. Qd2
Qxa3 22. Ne5 Nxe5 23. dxe5 Ne4 24. Qc2 Nc5 25. Qd2 Nb3 26. Qe1 Qxa2 27. Kh2 Qd2
28. Qxd2 Nxd2 29. Rd1 Ne4 30. f3 Nxc3 31. Re1 Nxe2 32. Ra1 c3 33. Ra2 c2 34.
Rxc2 Bxc2 35. g4 a4 36. Kg2 a3 37. Kf2 Bd3 38. f4 a2 39. Kf3 a1=Q 40. h4 Rb1
41. g5 Rg1 42. e4 dxe4+ 43. Ke3 Rg3+ 44. Kd2 Qc1# 0-1

[Event "CYCC U12"]
[Site "Windsor CAN"]
[Date "2010.07.06"]
[Round "2"]
[White "Clemente, Denroi Lee"]
[Black "McCullough, David"]
[Result "0-1"]
[WhiteElo "988"]
[BlackElo "1422"]
[PlyCount "40"]
[EventDate "2010.07.06"]
[EventType "swiss"]
[EventRounds "7"]
[EventCountry "CAN"]

1. e4 e6 2. d4 d5 3. exd5 exd5 4. Bb5+ c6 5. Bf1 Nf6 6. Nf3 Be7 7. Nc3 Bg4 8.
Bg5 Nbd7 9. Bxf6 Nxf6 10. Bd3 Bb4 11. a3 Bxc3+ 12. bxc3 Ne4 13. Bxe4 dxe4 14.
O-O exf3 15. gxf3 Bh3 16. Re1+ Kf8 17. Re5 Qd6 18. Rg5 Re8 19. Rh5 Qg6+ 20. Kh1
Qg2# 0-1

[Event "CYCC U12"]
[Site "Windsor CAN"]
[Date "2010.07.06"]
[Round "2"]
[White "Deforest, David"]
[Black "Maynard-Drewery, Justin"]
[Result "1-0"]
[WhiteElo "1378"]
[BlackElo "809"]
[PlyCount "27"]
[EventDate "2010.07.06"]
[EventType "swiss"]
[EventRounds "7"]
[EventCountry "CAN"]

1. e4 d6 2. d4 c6 3. Nc3 Be6 4. f4 f5 5. exf5 Bxf5 6. Bc4 Nf6 7. Nf3 d5 8. Bd3
Bg6 9. Bxg6+ hxg6 10. Ne5 Rh6 11. f5 gxf5 12. Bxh6 gxh6 13. O-O Ne4 14. Qh5#
1-0